000 00955nac a22002777a 4500
001 BR8704193
003 BR-BrBNA
005 20240105120524.0
008 230509b bl.|||m| |||| 00| 0 por d
040 _aBR-BrBNA
_bpor
_cBiblioteca Nacional de Agricultura
072 _aF04; M12
090 _a3410 BR8704193
100 1 _aTriani, L.
100 1 _aSimao, O.M.
100 1 _aBastos, A.C.S.
100 1 _aRodrigues, P.C.
110 1 _aEmpresa de Pesquisa Agropecuaria do Estado do Rio de Janeiro, Niteroi (Brasil)
245 1 _aExtrato de esterco de galinha para o cultivo de Nannachloris oculata, Droop.
260 3 _aNiteroi, RJ (Brasil):
_c1986.
300 _a3 p.
490 _aPesquisa em Andamento - Empresa de Pesquisa Agropecuaria do Estado do Rio de Janeiro (Brazil)
_vno. 45
_xISSN 0101-5052
650 _aALGA MARINHA
650 _aESTERCO DE GALINHA
909 _a202312
_bLúcia Elande
_c55
_dLúcia Elande
942 _2AGRIS
_n0
_cMS
999 _c279931
_d279931